Statistics for NFL Teams that have never won the Super Bowl

Click here to take the quiz!

General Stats

  • This quiz has been taken 1,929 times
    (656 since last reset)
  • The average score is 10 of 12

Answer Stats

League Answer % Correct
AFCBrowns
94%
AFCBills
89%
AFCTexans
88%
NFCLions
87%
NFCVikings
87%
AFCTitans
87%
AFCJaguars
86%
AFCChargers
84%
AFCBengals
84%
NFCFalcons
83%
NFCPanthers
83%
NFCCardinals
81%

Score Distribution

Percentile by Number Answered

Percent of People with Each Score

Your Score History

You have not taken this quiz since the last reset